Mega hits '98 [ karaoke volume 1
| Format: | Book |
|---|---|
| Published: |
Kuala Lumpur :
Serasi Music Sdn Bhd ,
19-
|
| Subjects: |
MARC
| LEADER | 00000cam a2200000 7i4500 | ||
|---|---|---|---|
| 001 | 0000041737 | ||
| 005 | 20001218.0 | ||
| 090 | 0 | 0 | |a MUZ |b MEG |
| 245 | 0 | 0 | |a Mega hits '98 [ |h cd music] : |b karaoke volume 1 |
| 260 | |a Kuala Lumpur : |b Serasi Music Sdn Bhd , |c 19- | ||
| 300 | |a 1 CD music (65 minutes) : |b col | ||
| 500 | |a Library has 1 copy | ||
| 650 | 0 | 0 | |a Mega hits '98 |
| 999 | |a AV 01250 |b CD MUSIC |c PINJAMAN |e PERPUSTAKAAN KOMUNITI PETALING JAYA | ||